Loading...
| Philosophy | 0 | 10 | 1 | 1 | 95 | 14 | 75.30 | 5 | 8 | 0.00 | 0.00 |
| Religion | 0 | 6 | 3 | 1 | 45 | 53 | 89.00 | 2 | 4 | 0.00 | 0.00 |
| Fine Arts - Other | 0 | 5 | 1 | 0 | 45 | 30 | 60.00 | 3 | 5 | 0.00 | 0.00 |
| Social Science | 0 | 3 | 0 | 2 | 30 | 106 | 117.67 | 0 | 0 | 0.00 | 0.00 |
| History - American | 0 | 3 | 0 | 2 | 30 | 74 | 109.67 | 0 | 0 | 0.00 | 0.00 |
| Science - Physics | 0 | 3 | 1 | 2 | 25 | 103 | 121.00 | 0 | 1 | 0.00 | 0.00 |
| Fine Arts - Classical Music | 0 | 2 | 0 | 0 | 20 | 76 | 87.00 | 1 | 2 | 0.00 | 0.00 |
| History - Other | 0 | 2 | 0 | 1 | 20 | 50 | 87.50 | 1 | 1 | 0.00 | 0.00 |
| Literature - American | 0 | 2 | 0 | 1 | 20 | 79 | 108.50 | 1 | 1 | 0.00 | 0.00 |
| Literature - European | 0 | 2 | 0 | 1 | 20 | 64 | 99.00 | 0 | 1 | 0.00 | 0.00 |
| Mythology | 0 | 2 | 0 | 0 | 20 | 66 | 81.50 | 1 | 1 | 0.00 | 0.00 |
| Other Academic | 0 | 2 | 0 | 0 | 20 | 62 | 79.50 | 0 | 1 | 0.00 | 0.00 |
| Science - Other | 0 | 2 | 0 | 0 | 20 | 103 | 107.00 | 0 | 2 | 0.00 | 0.00 |
| Science - Biology | 0 | 2 | 1 | 0 | 15 | 80 | 85.00 | 0 | 1 | 0.00 | 0.00 |
| Science - Chemistry | 0 | 1 | 0 | 1 | 10 | 114 | 114.00 | 0 | 0 | 0.00 | 0.00 |
| Fine Arts - Painting and Sculpture | 0 | 2 | 2 | 0 | 10 | 33 | 49.00 | 2 | 2 | 0.00 | 0.00 |
| Literature - World | 0 | 1 | 0 | 0 | 10 | 103 | 103.00 | 0 | 1 | 0.00 | 0.00 |
| Literature - British | 0 | 1 | 1 | 0 | 5 | 132 | 132.00 | 0 | 1 | 0.00 | 0.00 |
| History - European | 0 | 0 | 3 | 0 | -15 | 0.00 | 0 | 0 | 0.00 | 0.00 |